000 00629nam a2200229Ia 4500
005 20250425162001.0
008 250425s9999 xx 000 0 und d
020 _a968180466X
041 _aspa
082 _a628.3
100 _aFAIR, GORDON MASKEW
245 0 _aABASTECIMIENTO DE AGUA Y REMOCION DE AGUAS RESIDUALES VOL.1: INGENIERIA SANITARIA Y DE AGUAS RESIDUALES
250 _a1A ED.
260 _aMEXICO
260 _aMéxico
_bLIMUSA
_c1994
300 _a547
650 _aAGUAS RESIDUALES-TRATAMIENTO
650 _aINGENIERIA SANITARIA
650 _aMAQUINARIAS Y EQUIPOS
942 _c01
010 _a38705
999 _c220122
_d220122